000 00659nam a2200217Ia 4500
005 20240111113101.0
008 131103s9999 xx 000 0 und d
020 _a9.79E+12
_cRs.960.00
040 _aLoreto College
041 _aEnglish
082 _a327.1(C)
_bVEN
100 _aVenkataraman,Manickam
245 _aPeople's Republic of China's policy towards ASEAN(1967-1990)
_cManickam Venkataraman
260 _aDelhi
_bAbhijeet Publications
_c2011
300 _axiv,296p
504 _aIncludes bibliographical references and index
650 _aChina-International Relations
651 _aChina-Foreign policy
850 _aLCLIB
942 _cBK
999 _c37472
_d87951